000 00236 a2200097 4500
001 54448
100 _a
245 _aIntroduction to aircraft performance
260 _aReston, VA
_bAIAA,Reston, VA
_c1997
090 _c33891
_d33891
942 _aNUST-CAE
_cMONOGRAPH
_c26548
999 _c289521
_d289521